Statistics for Movies by Three Cast Members

Click here to take the quiz!

General Stats

  • This quiz has been taken 41 times
  • The average score is 4 of 8

Answer Stats

Cast MembersAnswer% Correct
Mike Myers, Elizabeth Hurley, Michael YorkAustin Powers: International Man of Mystery
85%
Tom Hanks, Michael Clarke Duncan, David MorseThe Green Mile
74%
Jack Nicholson, Shelley Duvall, Danny LloydThe Shining
72%
James Caan, Kathy Bates, Richard FarnsworthMisery
62%
Will Ferrell, Mark Wahlberg, Derek JeterThe Other Guys
62%
Jay Baruchel, Alice Eve, T.J. MillerShe's Out of My League
21%
Will Ferrell, John C. Reilly, Sacha Baron CohenTalladega Nights: The Ballad of Ricky Bobby
18%
'Weird Al' Yankovic, Victoria Jackson, Kevin McCarthyUHF
13%

Score Distribution

Percentile by Number Answered

Percent of People with Each Score

Your Score History

You have not taken this quiz